Význam riešenia nových migračných prúdov v rámci Európskej únie

Stabilita a rast kvality života v rámci EÚ. Trend dopytu po špičkových vysokoškolsky vzdelaných pracovných silách. Otvorenie pracovného trhu v jednotlivých členských štátoch EÚ. Rómska situácia.

Saved in:
Bibliographic Details
Main Author: Balhar, Víťazoslav
Format: Book Chapter
Language:Slovak
Subjects:
Tags: Add Tag
No Tags, Be the first to tag this record!

MARC

LEADER 00000naa$a2200000$$$4500
001 0084927
005 20240502083225.9
041 0 |a slo 
044 |a CZ 
245 1 0 |a Význam riešenia nových migračných prúdov v rámci Európskej únie  |c Víťazoslav Balhar 
520 |a Stabilita a rast kvality života v rámci EÚ. Trend dopytu po špičkových vysokoškolsky vzdelaných pracovných silách. Otvorenie pracovného trhu v jednotlivých členských štátoch EÚ. Rómska situácia. 
610 2 0 |a migrácia 
610 2 0 |a Európska únia 
610 2 0 |a Rómovia 
610 2 0 |a pracovníci kvalifikovaní 
100 1 |a Balhar, Víťazoslav